2023 FIFA Women's World Cup Qualifiers - Statistics

General Stats
  • This quiz has been taken 913 times
  • The average score is 28 of 32
Answer Stats
Hint Answer % Correct
CONMEBOL Brazil
97%
AFC Japan
97%
CONCACAF United States
97%
AFC Australia
96%
UEFA England
96%
UEFA Spain
96%
CONMEBOL Argentina
95%
CONCACAF Canada
95%
UEFA France
95%
UEFA Germany
94%
OFC New Zealand
94%
UEFA Sweden
94%
AFC China
93%
CONMEBOL Colombia
92%
UEFA Italy
92%
UEFA Portugal
92%
UEFA Norway
91%
AFC South Korea
89%
UEFA Netherlands
88%
UEFA Denmark
87%
CAF South Africa
87%
CAF Nigeria
85%
CONCACAF Jamaica
84%
UEFA Switzerland
84%
CAF Morocco
83%
CONCACAF Panama
76%
UEFA Republic of Ireland
76%
CONCACAF Costa Rica
75%
CONCACAF Haiti
73%
AFC Vietnam
70%
AFC Philippines
62%
CAF Zambia
59%
No matching quizzes found
Score Distribution
Percent of People with Each Score
Percentile by Number Answered
Your Score History
You have not taken this quiz